|
|
|
|
| LEADER |
00968cam a2200265 7i4500 |
| 001 |
0000011231 |
| 005 |
20151104090000.0 |
| 005 |
##20151104112700.0 |
| 003 |
##MY-KlINT |
| 020 |
# |
# |
|a 9789834448707
|
| 039 |
# |
9 |
|y 201511041127
|z VLOAD
|
| 090 |
0 |
0 |
|a PM 923.2595
|b MEN
|
| 245 |
0 |
0 |
|a Menteri-menteri Malaysia 1955-2008.
|
| 260 |
# |
# |
|a Kuala Lumpur:
|b Koperasi Belia Nasional Berhad,
|c 2009.
|
| 300 |
# |
# |
|a 293ms:
|b ill;
|c 26cm.
|
| 500 |
# |
# |
|a Mengandungi indeks dan Bibliografi
|
| 500 |
# |
# |
|a Koleksi Perdana Menteri
|
| 650 |
# |
0 |
|a Malaysia --
|x Politics and government
|
| 650 |
# |
0 |
|a Politicians --
|x Malaysia --
|x Biography
|
| 650 |
# |
0 |
|a Prime Ministers --
|x Biography --
|z Malaysia
|
| 650 |
# |
0 |
|a Cabinet officers --
|x Malaysia --
|x Biography
|
| 999 |
|
|
|a 0000064509
|b BOOK
|c Main Non-Fiction
|e INTAN BK
|
| 999 |
|
|
|a 0000064643
|b BOOK
|c Main Non-Fiction
|e INTAN BK
|
| 999 |
|
|
|a 0000064644
|b BOOK
|c Main Non-Fiction
|e INTAN BK
|
| 999 |
|
|
|a 0000066158
|b BOOK
|c Main Non-Fiction
|e INTAN BK
|